01983nam a22002417a 450000500170000000800410001702000180005804000070007604100120008308200200009510000270011524500720014226000640021430000310027836500510030952009100036052103720127065000190164265000210166170000180168270000220170070000190172220230720102141.0230719b ||||| |||| 00| 0 eng d a9789355325495 cAL aEnglish 223a351.3bSHAG aArun Sharma and others aGeneral Studies For Civil Services Preliminary Examination Paper II aChennaibMcGraw Hill Education(India) Private Limitedc2024 axx,322 p.bPBc26.5x20 cm. a2916b₹992.00c₹d1240.00e20%f18-07-2023 aThis annual revised edition provides a complete study material, developed with a focus on providing qualitative content with coverage of 360-degree syllabus prescribed by the UPSC for Preliminary Examination. GSM II 2024 comes with updated data as per the latest examination pattern, with outstanding content quality, updated exercises and facts and questions based on a carefully structured analysis of previous year’s question paper and the emerging trends. The edition consists of 15 practice papers, with hints wherever applicable Key Features Comprehensive coverage of the syllabus of UPSC and other State Civil Services examinations, with accuracy of content Thoroughly revised sections for comprehensive coverage of each part of syllabus Detailed trend analysis of last five years papers Solved paper of 2023 Civil Services Preliminary examination and 15 Model Test Papers for more practice  aTable Of Content Part A: Comprehension Part B: Interpersonal Skills Including Communication Skills Part C: Logical Reasoning and Analytical Ability Part D: Decision Making and Problem Solving Part E: General Mental Ability Part F: Basic Numeracy Part G: Data Interpretation and Data Sufficiency Part H: Practice Test Papers Part I: Previous Year Solved Question Paper a Civil Service aCompetitive Exam aSHARMA (Arun) aBHAGAT (Madhukar) aGUHA (Abhijit)